• 首页
  • 本馆介绍
  • 公告通知
  • 最新文献
  • 馆藏检索
  • 电子资源
  • 读者导购
  • 参考咨询
  • 我的图书馆
  • 登录
  • 详细信息显示
  • 放入我的书架
  • 预约/预借图书
  • 作者相关作品
  • 分类相关作品
  • 丛书相关作品
  • 出版社相关作品

书目信息

  • 表格格式
  • 工作单格式
  • 卡片格式
题名:
课程标准校本化实施
    
 
作者: 彭玮 , 曾辉 , 李丽荣 主编
分册:   中学数学卷
出版信息: 北京   高等教育出版社  2010
页数: 160页
开本: 23cm
丛书名: 课程标准校本化实施丛书
单 册:
中图分类: G632.3 , G633.602
科图分类:
主题词: 课程--ke cheng--教学研究--中学 , 数学课--shu xue ke--教学研究--中学
电子资源:
ISBN: 978-7-04-031066-5
000 01501nam 2200361 450
001 012001002383
005 20131028145947.0
010    @a978-7-04-031066-5@dCNY25.00
099    @aCAL 012011023823
100    @a20110122d2010 ekmy0chiy0120 ea
101 0  @achi
102    @aCN@b110000
105    @aak a 000yy
106    @ar
200 1  @a课程标准校本化实施@Ake cheng biao zhun jiao ben hua shi shi@i中学数学卷@f主编彭玮 ... [等]@g编写者李丽荣 ... [等]
210    @a北京@c高等教育出版社@d2010
215    @a160页@c图@d23cm
225 2  @a课程标准校本化实施丛书@Ake cheng biao zhun jiao ben hua shi shi cong shu@f丛书主编彭玮
304    @a题名页题: 主编彭玮, 曾辉, 李丽荣, 夏繁军
320    @a有书目
330    @a本书是在《中学学科技能体系的建构与应用》一书中所建构的理论体系的指引下,以中学数学课程标准为指导,为解决数学教学中的实际问题,以技能为主线对课程标准进行的一种校本化研究和解读。本书主要包括以下四部分内容:中学数学知识结构,中学数学技能结构,中学数学技能教授课例,以技能为核心的数学教学与评价建议。
333    @a中学数学教师、教研人员及相关读者。
410  0 @12001@a课程标准校本化实施丛书
517 1  @a中学数学卷@Azhong xue shu xue juan
606 0  @a课程@Ake cheng@x教学研究@x中学
606 0  @a数学课@Ashu xue ke@x教学研究@x中学
690    @aG632.3@v4
690    @aG633.602@v4
701  0 @a彭玮@Apeng wei@4主编
701  0 @a曾辉@Azeng hui@4主编
701  0 @a李丽荣@Ali li rong@4主编
801  2 @aCN@b江苏凤凰@c20191020
905    @b1228813-6@dG632.3@e739@f4
    
    课程标准校本化实施.中学数学卷/主编彭玮 ... [等]/编写者李丽荣 ... [等].-北京:高等教育出版社,2010
    160页:图;23cm.-(课程标准校本化实施丛书/丛书主编彭玮)
    使用对象:中学数学教师、教研人员及相关读者。
    
    ISBN 978-7-04-031066-5:CNY25.00
    本书是在《中学学科技能体系的建构与应用》一书中所建构的理论体系的指引下,以中学数学课程标准为指导,为解决数学教学中的实际问题,以技能为主线对课程标准进行的一种校本化研究和解读。本书主要包括以下四部分内容:中学数学知识结构,中学数学技能结构,中学数学技能教授课例,以技能为核心的数学教学与评价建议。
●
相关链接 在E读中查询图书 在五车中查询图书 在当当中查询图书 在豆瓣中查询图书


正题名:课程标准校本化实施     索取号:G632.3/739         预约/预借

序号 登录号 条形码 馆藏地/架位号 状态 备注
1 1228813   212288139   第一样本阅览室/ [索取号:G632.3/739] 在馆    
2 1228814   212288148   教育系资料室/ [索取号:G632.3/739] 在馆    
3 1228815   212288157   教育系资料室/ [索取号:G632.3/739] 在馆    
4 1228816   212288166   第四借阅区/ [索取号:G632.3/739] 在馆    
唐山师范学院图书馆 欢迎您!
大连网信软件有限公司© 版权所有